Komentár k novému zákonu o dani z príjmov
Vyberanie a platenie dane - daň fyzickej osoby, právnickej osoby. Spoločné ustanovenia na vyberanie a platenie dane.
Salvato in:
| Autore principale: | |
|---|---|
| Natura: | Capitolo di libro |
| Lingua: | slovacco |
| Soggetti: | |
| Tags: |
Nessun Tag, puoi essere il primo ad aggiungerne!!
|
MARC
| LEADER | 00000naa$a2200000$$$4500 | ||
|---|---|---|---|
| 001 | 0018369 | ||
| 005 | 20231106070442.1 | ||
| 041 | 0 | |a slo | |
| 044 | |a SK | ||
| 245 | 1 | 0 | |a Komentár k novému zákonu o dani z príjmov |c Mária Bieliková ... [et al.] |
| 520 | |a Vyberanie a platenie dane - daň fyzickej osoby, právnickej osoby. Spoločné ustanovenia na vyberanie a platenie dane. | ||
| 610 | 2 | 0 | |a dane z príjmov |
| 610 | 2 | 0 | |a zákony |
| 610 | 2 | 0 | |a komentáre |
| 610 | 2 | 0 | |a Slovensko |
| 100 | 1 | |a Bieliková, Mária | |